Famous brands - Statistics

General Stats
  • This quiz has been taken 27 times
  • The average score is 6 of 10
Answer Stats
Hint Answer % Correct
phone apple
96%
phone samsung
92%
drink coke
72%
watch rolex
72%
food mcdonalds
64%
shoes adidas
60%
cars toyota
48%
airplane airbus
32%
tv show friends
20%
clothing nike pros
8%
No matching quizzes found
Score Distribution
Percent of People with Each Score
Percentile by Number Answered
Your Score History
You have not taken this quiz